Starting XI PSG-Inter Uefa Champions League 2024-25 - Statistics

General Stats
  • This quiz has been taken 134 times
  • The average score is 20 of 22
Answer Stats
Team Player Position Country % Correct
PSG Achraf Hakimi RB Morocco
100%
PSG Gianluigi Donnarumma GK Italy
100%
PSG Ousmane Dembelè ST France
99%
PSG Marquinhos CB Brazil
98%
PSG Desirè Douè LW France
97%
PSG Fabian Ruiz CM Spain
97%
PSG Joao Neves CM Portugal
97%
PSG Nuno Mendes LB Portugal
97%
PSG Vitinha CM Portugal
97%
PSG William Pacho CB Ecuador
97%
Inter Lautaro Martinez ST Argentina
92%
Inter Marcus Thuram ST France
92%
Inter Yann Sommer GK Switzerland
92%
PSG Kvicha Kvaratskhelia RW Georgia
86%
Inter Denzel Dumfries RM Netherlands
85%
Inter Hakan Calhanoglu CM Turkey
83%
Inter Nicolo Barella CM Italy
83%
Inter Benjamin Pavard CB France
82%
Inter Alessandro Bastoni CB Italy
78%
Inter Federico Dimarco LM Italy
78%
Inter Francesco Acerbi CB Italy
73%
Inter Henrikh Mkhitaryan CM Armenia
64%
No matching quizzes found
Score Distribution
Percent of People with Each Score
Percentile by Number Answered
Your Score History
You have not taken this quiz